Language Quiz

Random Language Quiz

Words that end in zar Quiz Stats

 Plays Quiz not verified by Sporcle

Challenge
Share
Tweet
Embed
Score 0/8 Timer 02:00
0 Plays Today
Can you name words ending in zar? % Correct
a king or chiefczar
76.4%
a place where you can buy crafts, toys, used goodsbazar
69.1%
the emperor of russiatzar
57.1%
a ruler of Babylon, also the name of Morpheus' ship in The Matrixnebuchadnezzar
21.5%
another words for a leperlazar
8.6%
a fortress or a royal placealcazar
6.9%
a student who doesn't have to pay tuition feessubsizar
0.9%
a bottle of wine that's guaranteed to get you drunk because it is 9 litres!salamanazar
0.4%

You're not logged in!

Compare scores with friends on all Sporcle quizzes.
OR
Log In

You Might Also Like...

Show Comments

Extras

Created Dec 13, 2009ReportNominate
Tags:end, ending

Top Quizzes Today


Score Distribution

Your Account Isn't Verified!

In order to create a playlist on Sporcle, you need to verify the email address you used during registration. Go to your Sporcle Settings to finish the process.

Report this User

Report this user for behavior that violates our Community Guidelines.

Details: